Regionalliga Bayern Stadien 2025/26 - Statistiken

Allgemein
  • Dieses Quiz wurde 15 mal gespielt
  • Das Durchschnittsergebnis liegt bei 7 aus 17
Antwortstatistiken
Bildquiz Antwort % Korrekt
Grünwalderstadion
70%
Rosenaustadion
70%
Uhlsportpark
60%
Wackerarena
60%
AKON Arena
50%
Hans-Walter-Wild Stadion
50%
Stadion am Schönbusch
50%
E-Con Arena
30%
NGN Arena
30%
Sportpark Valznerweiher
30%
Vöhlinstadion
30%
Konrad-Ammon-Platz
20%
Liqui Moly Stadion
20%
Maierhofer-Bau-Stadion
20%
Manfred-Zollner-Stadion
20%
SMR Arena
20%
Xaver-Bertsch-Sportpark
20%
Keine übereinstimmenden Quizze gefunden
Verteilung der Resultate
Anzahl Personen mit jedem Resultat
Perzentil nach korrekt beantworteten Fragen
Ihre Resultats-Entwicklung
Sie haben dieses Quiz noch nicht gespielt